000
002250000a22000970004500
100
1
_a
Weisbrod, Don
245
1
0
_a
From assistance to tranformation
300
_a
Núm 7 (1985), Páginas 28-30
773
0
_t
Together
942
_c
ANA
999
_c
57000
_d
57000